01008nam a2200229 a 450000100060000000300090000600800410001504000280005608200160008410000540010024501370015426000420029130000110033350500730034459000610041765000390047865000430051765000380056094200120059899900170061095201510062715787CO-ViMGA141112s2004 ck r 000 u spa d aCO-ViMGAbspacCO-ViMGA04a340.1 C656j1 aColombia : Ministerio de Justicia y del Derecho, 10aJusticia para la gente , una visión alternativa . Desarrollo gubernamental del plan social de justicia para el periodo 1994 - 1998 aBogotá, cImprenta Nacional, c1995 a127.p. aJusticia paz y desarrollo La Justicia Colombiana de finales de siglo aForma de adquisición : Donación - - Precio : 10.00014aDERECHOS CIVILES - COLOMBIA91706014aIGUALDAD ANTE LA LEY - COLOMBIA92270014aJUSTICIA SOCIAL - COLOMBIA922701 2ddccBK c25862d25862 00102ddc40708002aMEVIECARbMEVIECARd2015-12-04hVolumen. 1 | 11/jun/2009l0o340.1 C656j p15787r2015-12-04 00:00:00tEj. 1w2015-12-04yBK